Представление документа в формате RUSMARC

ПолеНазваниеЗначение
  Тип записи a
  Библиографический уровень m
001 Контрольный номер admiBOOK00006318
005 Дата корректировки 20140508173911.9
010 Индекс ISBN __
a ISBN 5-8112-0127-3
d Цена 120.00
100 Данные общей обработки __
a Данные общей обработки 19020209 |||y0 y0189 ca
101 Язык документа __
a Язык текста rus
105 Кодированные данные (монография) __
a Кодированные данные (монография) zy
200 Заглавие и сведения об ответственности 0_
a Заглавие Древняя Русь и Великая степь
210 Выходные данные __
a Место издания М
c Издательство Айрис-Пресс
d Дата издания 2002
215 Физическое описание __
a Объем 768с.
c Иллюстрации/тип воспроизводства ил.
225 Серия __
a Серия История России. Современный взгляд
606 Тематические рубрики __
a Основная рубрика История России
x Основная подрубрика Период зарождения и становления феодальных отношений (IV - XI вв.)
x Основная подрубрика Этнология
610 Ключевые слова __
a Ключевые слова История Древней Руси
a Ключевые слова Древняя Русь
a Ключевые слова Этнология
a Ключевые слова Этнография
686 Индексы других классификаций __
a Классификационный индекс 63.3(2)41
a Классификационный индекс 63.5
700 Автор _1
a Фамилия Гумилев
b Имя Л.Н.
852 Данные о местонахождении __
c Местонахождение стеллажа 63.3(2)41
c Местонахождение стеллажа 63.5
j Шифр хранения 63.3(2)
852 Данные о местонахождении __
b Сигла хранения ЧЗ_1
t Номер экземпляра 1
i Авторский знак Г94
p Инвентарный номер 124643
901 Тип документа __
t Тип документа m
911 __
u 952a=Научное издание
u 952p=1363
938 Служебная информация __
a Название организации Саранский филиал
b Имя БД OUTPUT.MRC_Саранск
c Название АИБС АИБС Библиотека